书目信息 |
| 题名: |
信息科学教程
|
|
| 作者: | 钟义信 , 周延泉 编著 | |
| 分册: | ||
| 出版信息: | 北京 北京邮电大学出版社 2005.05 |
|
| 页数: | 233页 | |
| 开本: | 23cm | |
| 丛书名: | ||
| 单 册: | ||
| 中图分类: | G201 | |
| 科图分类: | ||
| 主题词: | 信息学--教材 | |
| 电子资源: | ||
| ISBN: | 7-5635-0863-5 | |
| 000 | 00955nam0 2200241 450 | |
| 001 | 010258664722 | |
| 005 | 20050925163136.79 | |
| 010 | @a7-5635-0863-5@dCNY24.00 | |
| 100 | @a20050530d2005 km y0chiy0120 ea | |
| 101 | 0 | @achi |
| 102 | @aCN@b110000 | |
| 105 | @aa z 000yy | |
| 200 | 1 | @a信息科学教程@Axin xi ke xue jiao cheng@f钟义信, 周延泉等编著@Fzhong yi xin,zhou yan quan deng bian zhu |
| 210 | @a北京@c北京邮电大学出版社@d2005.05 | |
| 215 | @a233页@c图@d23cm | |
| 320 | @a有书目。 | |
| 330 | @a本书由4部分组成。第1部分给出信息科学的定义和体系。第2部分构建全信息理论。第3部分是应用全信息理论,它阐明了信息科学的基本原理,把原先相互独立发展的识别论、通信论、知识论、决策论、智能论、控制论、系统论综合成为一门统一的科学,完成信息科学的理论建构。 | |
| 606 | 0 | @a信息学@x教材 |
| 690 | @aG201@v4 | |
| 701 | 0 | @a钟义信@Azhong yi xin@4编著 |
| 701 | 0 | @a周延泉@Azhou yan quan@4编著 |
| 801 | 0 | @aCN@bQSSK@c20050925 |
| 905 | @a10447@dG201@eZ736 | |
| 信息科学教程/钟义信, 周延泉等编著.-北京:北京邮电大学出版社,2005.05 |
| 233页:图;23cm |
| ISBN 7-5635-0863-5:CNY24.00 |
| 本书由4部分组成。第1部分给出信息科学的定义和体系。第2部分构建全信息理论。第3部分是应用全信息理论,它阐明了信息科学的基本原理,把原先相互独立发展的识别论、通信论、知识论、决策论、智能论、控制论、系统论综合成为一门统一的科学,完成信息科学的理论建构。 |
| ● |
| 相关链接 |
|
|
|
正题名:信息科学教程
索取号:G201/Z736
 
预约/预借
| 序号 | 登录号 | 条形码 | 馆藏地/架位号 | 状态 | 备注 |
| 1 | 572439 | 205724395 | 社科库409/409社科库 56排6列3层/ [索取号:G201/Z736] | 在馆 | |
| 2 | 572440 | 205724402 | 社科二线422/409社科库 56排6列3层/ [索取号:G201/Z736] | 在馆 | |
| 3 | 572441 | 205724411 | 社科二线422/409社科库 56排6列3层/ [索取号:G201/Z736] | 在馆 |